Ciencia heath / (Registro nro. 13115)
[ vista simple ]
| 000 -LIDER | |
|---|---|
| fixed length control field | 00837nam a22001937a 4500 |
| 003 - IDENTIFICACDOR DE NÚMERO DE CONTROL | |
| control field | DO-SdBNP |
| 005 - DATE AND TIME OF LATEST TRANSACTION | |
| control field | 20171127113226.0 |
| 008 - ELEMENTOS DE LONGITUD FIJA | |
| fixed length control field | 171127b 1968us||||| |||| 00| 0 spa d |
| 040 ## - FUENTE DE CATALOGACIÓN | |
| Agencia que crea de manera original el registro | BMPSU |
| Idioma de catalogación | spa |
| Agencia que realiza la transcripción | BMPSU |
| 100 1# - ASIENTO PRINCIPAL -- NOMBRE PERSONAL | |
| Nombre personal | Schneider, Herman, |
| Fechas asociadas con el nombre | 1905-2003 |
| 245 ## - MENCIÓN DE TITULO | |
| Título | Ciencia heath / |
| Mención de responsabilidad | Herman and Nina Schneider. |
| 260 ## - PUBLICACIÓN, DISTRIBUCIÓN, ETC. (PIE DE IMPRENTA) | |
| Lugar de publicación, distribución, etc | Massachusetts : |
| Nombre del editor, distribuidor, etc. | D.C. Health and Company, |
| Fecha de publicación, distribución, etc | 1968 |
| 300 ## - DESCRIPCIÓN FÍSICA | |
| Extensión | 6v. : |
| Otros detalles físicos | il. ; |
| Dimensiones | 24 cm. |
| 500 ## - NOTA GENERAL | |
| Nota general | La biblioteca posee v.4, v.5 |
| 500 ## - NOTA GENERAL | |
| Nota general | Fue asignado titulo de la serie para reunir la colección en la estante |
| 505 ## - NOTA DE CONTENIDO | |
| Información miscelánea | v.1. |
| Título | La ciencia : Jugamos y trabajamos -- |
| Información miscelánea | v.2. |
| Título | La ciencia : Aquí y ahora -- |
| Información miscelánea | v.3. |
| Título | La ciencia : Lejos y cerca -- |
| Información miscelánea | v.4. |
| Título | La ciencia en tu vida -- |
| Información miscelánea | v.5. |
| Título | La ciencia en tu mundo -- |
| Información miscelánea | v.6. |
| Título | La ciencia : Presente y futuro |
| 942 ## - ADDED ENTRY ELEMENTS (KOHA) | |
| Source of classification or shelving scheme | Dewey Decimal Classification |
| Koha item type | Libros |
| 945 ## - INFORMACIÓN DE PROCESAMIENTO LOCAL | |
| Información de procesamiento local | Inventariado, 2017/MFF |
| Withdrawn status | Lost status | Source of classification or shelving scheme | Damaged status | Not for loan | Collection code | Home library | Current library | Date acquired | Total Checkouts | Full call number | Barcode | Date last seen | Price effective from | Koha item type | Copy number |
|---|---|---|---|---|---|---|---|---|---|---|---|---|---|---|---|
| Dewey Decimal Classification | Colección General | Biblioteca Pública Metropolitana Salomé Ureña | Biblioteca Pública Metropolitana Salomé Ureña | 11/27/2017 | v.4 | BPMSU17110445 | 11/27/2017 | 11/27/2017 | Libros | ||||||
| Dewey Decimal Classification | Colección General | Biblioteca Pública Metropolitana Salomé Ureña | Biblioteca Pública Metropolitana Salomé Ureña | 11/27/2017 | v.5 | BPMSU17110446 | 11/27/2017 | 11/27/2017 | Libros | ||||||
| Dewey Decimal Classification | Colección General | Biblioteca Pública Metropolitana Salomé Ureña | Biblioteca Pública Metropolitana Salomé Ureña | 11/27/2017 | v.5 | BPMSU17110447 | 11/27/2017 | 11/27/2017 | Libros | e.2 |